Business ethics :managing corporate citizenship and sustainability in the age of globalization / (Record no. 2499)

000 -LEADER
fixed length control field 01112cam a22003014a 4500
001 - CONTROL NUMBER
control field 14979182
003 - CONTROL NUMBER IDENTIFIER
control field OSt
005 - DATE AND TIME OF LATEST TRANSACTION
control field 20160726092936.0
008 - FIXED-LENGTH DATA ELEMENTS--GENERAL INFORMATION
fixed length control field 070824s2007 enka b 001 0 eng
010 ## - LIBRARY OF CONGRESS CONTROL NUMBER
LC control number 2007279441
020 ## - INTERNATIONAL STANDARD BOOK NUMBER
International Standard Book Number 9780199284993 (pbk.)
040 ## - CATALOGING SOURCE
Original cataloging agency DLC
Transcribing agency DLC
Modifying agency DLC
050 00 - LIBRARY OF CONGRESS CALL NUMBER
Classification number HF5387.C73 2007
082 00 - DEWEY DECIMAL CLASSIFICATION NUMBER
Classification number 658.4/08
Edition number 22
100 1# - MAIN ENTRY--PERSONAL NAME
Personal name Crane, Andrew,
Dates associated with a name 1968-
245 10 - TITLE STATEMENT
Title Business ethics :managing corporate citizenship and sustainability in the age of globalization /
Statement of responsibility, etc Andrew Crane, Dirk Matten.
250 ## - EDITION STATEMENT
Edition statement 2nd ed.
260 ## - PUBLICATION, DISTRIBUTION, ETC. (IMPRINT)
Place of publication, distribution, etc Oxford ;
-- New York :
Name of publisher, distributor, etc Oxford University Press,
Date of publication, distribution, etc 2007.
300 ## - PHYSICAL DESCRIPTION
Extent xxiii, 566 p. :
Other physical details ill. ;
Dimensions 25 cm.
500 ## - GENERAL NOTE
General note Updated ed. of Business ethics, a European perspective.
504 ## - BIBLIOGRAPHY, ETC. NOTE
Bibliography, etc Includes bibliographical references (p. [523]-547) and indexes.
650 #0 - SUBJECT ADDED ENTRY--TOPICAL TERM
Topical term or geographic name as entry element Business ethics.
700 1# - ADDED ENTRY--PERSONAL NAME
Personal name Matten, Dirk.
700 1# - ADDED ENTRY--PERSONAL NAME
Personal name Crane, Andrew,
Dates associated with a name 1968-
Title of a work Business ethics, a European perspective.
906 ## - LOCAL DATA ELEMENT F, LDF (RLIN)
a 7
b cbc
c origcop
d 2
e ncip
f 20
g y-gencatlg
942 ## - ADDED ENTRY ELEMENTS (KOHA)
Source of classification or shelving scheme
Koha item type Book
Holdings
Withdrawn status Lost status Source of classification or shelving scheme Damaged status Not for loan Home library Current library Shelving location Date acquired Total Checkouts Full call number Barcode Date last seen Date checked out Copy number Price effective from Koha item type
          Riara University Library Riara University Library General stack 26/07/2016 2 HF5387.C73 2007 7848/16 22/01/2020 09/01/2020 C.1 26/07/2016 Book

Riara University Library,
P.O. Box 49940-00100,
Nairobi, Kenya.